000 00254nam a2200109Ia 4500
008 190216s9999||||xx |||||||||||||| ||und||
100 _aKudesia. V.P
245 0 _aIndustrial Pollution
260 _bPragathi Prakashan
_c1990
300 _a384
942 _cBK
999 _c2774
_d2774